| 000 | 00536nam a22001577a 4500 | ||
|---|---|---|---|
| 999 |
_c533720 _d533720 |
||
| 020 | _qHard Cover. | ||
| 082 | _a624.1 | ||
| 100 | _aMuhammad Farrukh Bashir | ||
| 245 |
_aHigh temperature mechanical and material properties of burnt masonry bricks / _cMuhammad Farrukh Bashir. |
||
| 260 |
_aIslamabad: _bSCEE - NUST, _c2015. |
||
| 300 |
_a77 p. : _bill. ; _c30cm. |
||
| 942 |
_2ddc _cTHE |
||
| 650 |
_aStructural Engineering MS-Thesis. _917039 |
||
| 700 |
_aDr. Wasim Khaliq _927538 |
||